Metro Cities and Municipalities of Kathmandu District - Statistics

General Stats
  • This quiz has been taken 2 times
  • The average score is 8 of 11
Answer Stats
District Answer % Correct
Kathmandu Chandragiri Municipality
100%
Kathmandu Gokarneshwar Municipality
100%
Kathmandu Kirtipur Municipality
100%
Kathmandu Nagarjun Municipality
100%
Kathmandu Tokha Municipality
100%
Kathmandu Budanilkantha Municipality
50%
Kathmandu Dakshinkali Municipality
50%
Kathmandu Kageshwori- Manohara Municipality
50%
Kathmandu Shankharpur Municipality
50%
Kathmandu Tarakeshwar Municipality
50%
Kathmandu Kathmandu Metroplitan
0%
No matching quizzes found
Score Distribution
Percent of People with Each Score
Percentile by Number Answered
Your Score History
You have not taken this quiz